Statistics for Manchester City - Players to have scored - 2003/04 - 2014/15

Click here to take the quiz!

General Stats

  • This quiz has been taken 833 times
  • The average score is 42 of 88

Answer Stats

PositionNationalityAnswer% Correct
FWArgentinaSergio Agüero
96%
DFBelgiumVincent Kompany
94%
MDIvory CoastYaya Touré
94%
MDSpainDavid Silva
93%
FWBosnia and HerzegovinaEdin Dzeko
92%
DFIvory CoastKolo Touré
92%
FWBrazil
88%
FWItalyMario Balotelli
83%
DFFranceGaël Clichy
80%
FWArgentinaCarlos Tevez
78%
FWTogoEmmanuel Adebayor
78%
DFArgentinaPablo Zabaleta
78%
DFSerbiaAleksandar Kolarov
74%
MDBrazilFernandinho
73%
FWBrazilRobinho
73%
MDIrelandStephen Ireland
71%
MDFranceSamir Nasri
70%
FWMontenegroStevan Jovetic
69%
MDEnglandJames Milner
68%
FWParaguayRoque Santa Cruz
68%
MDNetherlandsNigel De Jong
67%
FWWalesCraig Bellamy
65%
MDEnglandGareth Barry
64%
DFEnglandMicah Richards
64%
MDBrazilFernando
63%
DFIrelandRichard Dunne
63%
FWSpainAlvaro Negredo
62%
FWIvory CoastWilfried Bony
62%
MDSpainJesus Navas
60%
DFEnglandJoleon Lescott
60%
MDEnglandAdam Johnson
58%
MDEnglandMichael Johnson
58%
MDEnglandShaun Wright-Phillips
56%
DFMontenegroStefan Savic
56%
FWEnglandBradley Wright-Phillips
55%
FWGreeceGeorgios Samaras
53%
MDBrazilElano
51%
MDBulgariaMartin Petrov
51%
DFArgentinaMartin Demichelis
49%
FWZimbabweBenjani Mwaruwari
48%
DFChinaJihai Sun
48%
FWFranceNicolas Anelka
48%
MDEnglandJoey Barton
45%
FWEnglandRobbie Fowler
45%
FWCosta RicaPaulo Wanchope
44%
DFFranceSylvain Distin
42%
MDUSAClaudio Reyna
41%
MDEnglandFrank Lampard
41%
FWBulgariaValeri Bojinov
39%
DFCroatiaVedran Corluka
39%
FWEnglandAndy Cole
37%
FWEnglandDarius Vassell
35%
MDSpainJavi Garcia
35%
MDEnglandTrevor Sinclair
34%
DFBelgiumDedryck Boyata
33%
MDGermanyDietmar Hamann
33%
MDSwitzerlandGelson Fernandes
33%
FWEnglandDaniel Sturridge
32%
FWEcuadorFelipe Caicedo
32%
FWBelgiumEmile Mpenza
30%
MDSlovakiaVladimir Weiss
29%
FWItalyBernardo Corradi
28%
DFEnglandMichael Ball
28%
MDFrancePatrick Vieira
28%
DFEnglandDanny Mills
27%
MDChileDavid Pizarro
27%
MDEnglandJack Rodwell
27%
FWWalesChed Evans
26%
MDFranceAntoine Sibierski
25%
DFTunisiaHatem Trabelsi
25%
FWItalyRolando Bianchi
25%
MDBrazilGeovanni
24%
MDEnglandOwen Hargreaves
24%
DFSpainJavier Garrido
23%
FWIrelandJon Macken
23%
MDUSADaMarcus Beasley
22%
FWSpainJosé Pozo
20%
DFGermanyMichael Tarnat
20%
MDNetherlandsPaul Bosvelt
20%
MDPortugalMarco Lopes
19%
DFGuadeloupeDavid Sommeil
18%
MDNetherlandsKiki Musampa
18%
DFBrazilSylvinho
18%
DFEnglandNedum Onuoha
16%
MDNigeriaKelvin Etuhu
15%
MDSpainAlbert Riera
14%
MDIrelandWillo Flood
13%
MDEnglandLee Croft
12%

Score Distribution

Percentile by Number Answered

Percent of People with Each Score

Your Score History

You have not taken this quiz